Η ανάπτυξη του τουρισμού αθλημάτων υπαίθρου στο νομό Ευρυτανίας : πτυχιακή εργασία

Saved in:
Bibliographic Details
Main Author: Παπαδοπούλου, Ελευθερία
Corporate Author: Πανεπιστήμιο Αιγαίου Σχολή Επιστημών της Διοίκησης Τμήμα Διοίκησης Επιχειρήσεων - Τ.Δ.Ε
Other Authors: Τσάρτας, Πάρις, 1956- (Thesis advisor), Λαγός, Δημήτρης Γ. (Thesis advisor)
Format: Thesis Book
Language:Greek
Published: 2002
Subjects:
Tags: Add Tag
No Tags, Be the first to tag this record!

MARC

LEADER 00000cam a2200000 i 4500
001 1/30818
008 030120s2002 gre d
035 |l 10069048 
040 |a GR-MY-UA  |b gre  |e aacr 
041 0 |a gre 
082 0 |a 338.4791  |2 (22) 
100 1 |a Παπαδοπούλου, Ελευθερία. 
245 1 2 |a Η ανάπτυξη του τουρισμού αθλημάτων υπαίθρου στο νομό Ευρυτανίας :  |b πτυχιακή εργασία /  |c Παπαδοπούλου Ελευθερία ; επιβλέποντες: Δημήτρης Λαγός; Τσάρτας 
260 |c 2002 
300 |a 72 σ.;  |b πίν.;  |c 30 εκ. 
502 |a Πτυχιακή εργασία – Πανεπιστήμιο Αιγαίου, Χίος, 2002. 
504 |a Περιλαμβάνει βιβλιογραφία 
610 2 0 |a Πανεπιστήμιο Αιγαίου. 
650 0 0 |a Sports and tourism. 
650 0 |a Tourism  |z Greece  |z Eurytania. 
650 0 0 |a Dissertations, Academic  |z Greece. 
700 1 |a Τσάρτας, Πάρις,   |d 1956-  |4 ths 
700 1 |4 ths  |a Λαγός, Δημήτρης Γ. 
710 1 |a Πανεπιστήμιο Αιγαίου  |b Σχολή Επιστημών της Διοίκησης  |b Τμήμα Διοίκησης Επιχειρήσεων - Τ.Δ.Ε. 
852 |a INST  |b CHIOS  |c DIATR  |e 20030120  |h 338.4791 ΠΑΠ  |p 005200013569  |q 005200013569  |t DIE  |y 23 
901 |a BIBL2-2003-1 
909 |a Χ  |b 102704 
924 |a Παπαδοπούλου  |b Ελευθερία  |y Χίος  |z 2003-01 
970 |a Χαζίρη  |b Αννα  |z 2003/01/20